00250nam a2200109Ia 4500008004100000100002000041245002600061250000900087260002700096300000900123650000800132191201s2014 xx 000 0 und d aGUPTA, Shashi K 0aManagement Accounting a13th c2014bKalyaniaN.Delhi aMISC aMBA